000 00716nam a22001697a 4500
999 _c57998
_d57998
005 20220805124125.0
008 210419c2019 ge ||||| |||| 00| 0 geo d
022 _a0134 - 3459
041 _ageo
245 _aჭოროხი :
_bლიტერატურულ - სამხატვრო და საზოგადოებრივი ჟურნალი /
_cმთ. რედაქტორი სანდრო ბერიძე.
260 _aბათუმი,
_c2019.
300 _av.
653 _aჭოროხი
653 _aპეროდიკა
700 _a ბერიძე, სანდრო
_eმთავარი რედაქტორი
_911447
942 _2udc
_cCR